000 00695nam a2200229 a 4500
001 13487
003 BD-JhCC
005 20231017072627.0
008 231016b20032022bg | ||| ||a| 000 0 b d
020 _a9848418261
035 _a(BD-JhCC)13487
040 _aBD-JhCC
_dBD-JhCC
041 _abengali
082 _a781.66172
_bAHM 2022
100 _aআহমেদ, প্রীতম
245 _aশ্রেষ্ঠ পল্লীগীতির স্বরলিপি /
_cপ্রীতম আহমেদ ।
260 _aঢাকা:
_bমম প্রকাশ;
_c2022.
300 _a240 p. :
_c22 cm.
650 _aMusic
_zNational Folk
942 _2ddc
_cBK
999 _c13487
_d13487